[Event "4th LCT"]
[Site "Leiden NED"]
[Date "2010.07.09"]
[Round "1"]
[White "Tiviakov,S"]
[Black "Boulahfa,H"]
[Result "1-0"]
[WhiteElo "2623"]
[BlackElo "2064"]
[EventDate "2010.07.09"]

1. e4 a6 2. d4 h6 3. Nf3 c5 4. dxc5 Nc6 5. Nc3 g5 6. h4 g4 7. Nd4 Ne5 8.
Bf4 Ng6 9. Bg3 e5 10. Nf5 Bxc5 11. Qxg4 Qb6 12. O-O-O Nf6 13. Qf3 d5 14. h5
Nf4 15. Bxf4 dxe4 16. Nxe4 Bxf5 17. Bxe5 Bxe4 18. Qxf6 Qxf6 19. Bxf6 O-O
20. Rh4 Bf5 21. Rd5 Bxf2 22. Rxf5 Bxh4 23. Bxh4 Rfc8 24. Bd3 Rc6 25. g4 Re8
26. Kd2 Rd6 27. g5 1-0

[Event "4th LCT"]
[Site "Leiden NED"]
[Date "2010.07.09"]
[Round "1"]
[White "Van den Doel,E"]
[Black "Erwich,Frans"]
[Result "1-0"]
[WhiteElo "2591"]
[BlackElo "2060"]
[EventDate "2010.07.09"]

1. e4 c5 2. Nf3 e6 3. d4 cxd4 4. Nxd4 a6 5. Be2 Nf6 6. Nc3 Qc7 7. O-O Bb4
8. Bg5 Bxc3 9. Bxf6 gxf6 10. bxc3 Qxc3 11. Rb1 Nc6 12. Nxc6 bxc6 13. f4 d5
14. Kh1 Ke7 15. Rb3 Qc5 16. e5 f5 17. Qe1 Kd7 18. Qh4 Qe7 19. Qf2 c5 20.
Rb6 Kc7 21. Rd6 d4 22. c3 Rd8 23. cxd4 Rxd6 24. exd6+ Qxd6 25. dxc5 Qd2 26.
Rd1 Qb2 27. Qh4 Ra7 28. c6 f6 29. Bf3 Kb6 30. Qe1 Kc7 31. Rb1 Qa3 32. Qf2
1-0

[Event "4th LCT"]
[Site "Leiden NED"]
[Date "2010.07.09"]
[Round "1"]
[White "Hortensius,L"]
[Black "Gofshtein,L"]
[Result "1/2-1/2"]
[WhiteElo "2058"]
[BlackElo "2521"]
[EventDate "2010.07.09"]

1. e4 c5 2. Nf3 e6 3. d4 cxd4 4. Nxd4 a6 5. Bd3 Ne7 6. Nc3 Nbc6 7. Nb3 Ng6
8. O-O b5 9. f4 Be7 10. Be3 b4 11. Ne2 O-O 12. Ned4 Nxd4 13. Bxd4 f6 14.
Qe1 Qc7 15. Qf2 Qb8 16. Be3 a5 17. Rad1 Bb7 18. Bc5 Bxc5 19. Nxc5 Bc6 20.
Bc4 Ra7 21. g3 Kh8 22. Rd2 f5 23. e5 Rc8 24. Rfd1 Nf8 25. Bf1 a4 26. Na6
Qb7 27. Nxb4 Bf3 28. Be2 Be4 29. a3 g5 30. Bd3 Bxd3 31. Rxd3 Ng6 32. Qf3
gxf4 33. Qxb7 Rxb7 34. gxf4 Rg8 35. Kf1 Nxf4 36. Rxd7 Rxd7 37. Rxd7 Rc8 38.
Rd2 Rc4 39. Nd3 Nd5 40. Kf2 Kg7 41. Kf3 Kf7 42. Rg2 Ne7 43. Ke3 Nc6 44. Kd2
Rh4 45. b3 Nd4 46. bxa4 Nc6 47. Kc3 Rxa4 48. Kb3 Re4 49. a4 h5 50. c3 Na5+
51. Ka3 h4 52. Nb2 Rxe5 53. Kb4 Nc6+ 54. Kb3 Ra5 55. Nc4 Ra8 56. Rg5 Kf6
57. Rh5 Ne5 58. Rh6+ Ng6 59. a5 f4 60. Kc2 Kf5 61. h3 e5 62. Rh7 e4 63. Kd2
Ra6 64. Rf7+ Kg5 65. Ke2 Rc6 66. Nd2 Re6 67. a6 Rxa6 68. Nxe4+ Kh6 69. Rf5
Ra1 70. Kf3 Re1 71. Nf2 Re3+ 72. Kg2 Rxc3 73. Ng4+ Kg7 74. Nf6 Rc4 75. Nd5
Ra4 76. Kf3 Ra3+ 77. Kg2 Rg3+ 78. Kf2 Rxh3 1/2-1/2

[Event "4th LCT"]
[Site "Leiden NED"]
[Date "2010.07.09"]
[Round "1"]
[White "Lalith,B"]
[Black "Besel,W"]
[Result "1-0"]
[WhiteElo "2502"]
[BlackElo "2056"]
[EventDate "2010.07.09"]

1. Nf3 c5 2. c4 g6 3. e4 Bg7 4. d4 cxd4 5. Nxd4 d6 6. Nc3 Nf6 7. Be2 Bd7 8.
Be3 Nc6 9. O-O O-O 10. Qd2 Re8 11. f3 b6 12. Rac1 Rc8 13. Rfd1 Qc7 14. b4
Qb8 15. a3 Qa8 16. Ndb5 Ne5 17. Nd5 Bxb5 18. cxb5 Nxd5 19. exd5 Rxc1 20.
Rxc1 Rc8 21. f4 Rxc1+ 22. Qxc1 Nd7 23. Qc6 Qd8 24. a4 h5 25. Qb7 Bc3 26.
Qxa7 Bxb4 27. h3 Nc5 28. f5 Ba5 29. Bg5 f6 30. Be3 Kg7 31. fxg6 Kxg6 32.
Bd1 Bc3 33. Bc2+ Kg7 34. Kf2 Ba5 35. Ke2 Bb4 36. Bd2 Bxd2 37. Kxd2 Nd7 38.
Kc3 Kf8 39. Bf5 Nc5 40. Kc4 Kg7 41. a5 bxa5 42. b6 Qe8 43. Qxa5 e6 44. Bxe6
Nxe6 45. Qa7+ Kf8 46. b7 Nd8 47. b8=Q 1-0

[Event "4th LCT"]
[Site "Leiden NED"]
[Date "2010.07.09"]
[Round "1"]
[White "Rost van Tonningen,O"]
[Black "Van der Wiel,J"]
[Result "0-1"]
[WhiteElo "2054"]
[BlackElo "2467"]
[EventDate "2010.07.09"]

1. d4 d6 2. Bf4 Nf6 3. Nd2 g6 4. h3 Bg7 5. e3 O-O 6. Ngf3 Nbd7 7. Be2 b6 8.
O-O Bb7 9. c4 c5 10. Qc2 cxd4 11. exd4 Rc8 12. Rac1 Re8 13. Rfe1 e5 14.
dxe5 dxe5 15. Bg5 h6 16. Bxf6 Nxf6 17. Bd3 Qc7 18. b3 Rcd8 19. Rcd1 e4 0-1

[Event "4th LCT"]
[Site "Leiden NED"]
[Date "2010.07.09"]
[Round "1"]
[White "Wiersma,E"]
[Black "Braggaar,P"]
[Result "1-0"]
[WhiteElo "2405"]
[BlackElo "2043"]
[EventDate "2010.07.09"]

1. d4 d5 2. c4 Nf6 3. cxd5 Nxd5 4. e4 Nb6 5. Nc3 c6 6. Be2 e6 7. Nf3 Be7 8.
O-O N8d7 9. a4 a5 10. Qb3 Nf6 11. Be3 Nbd7 12. Rfd1 O-O 13. h3 Bb4 14. Bd3
Re8 15. Rac1 Nf8 16. Na2 Be7 17. Ne5 Bd6 18. Nc3 Bc7 19. f4 Ng6 20. Bc4 Qe7
21. Qc2 Bb6 22. Qf2 Rf8 23. Nd3 Rd8 24. Re1 Qd7 25. Nc5 Bxc5 26. dxc5 Qe7
27. Qg3 Qc7 28. Rcd1 Bd7 29. Rd6 Rab8 30. Red1 Be8 31. f5 Nf8 32. Bd4 Kh8
33. Be5 Qe7 34. Rxd8 Rxd8 35. Bd6 Nh5 36. Qf3 Qg5 37. fxe6 Rxd6 38. cxd6
Qc5+ 39. Kh1 Qxc4 40. d7 1-0

[Event "4th LCT"]
[Site "Leiden NED"]
[Date "2010.07.09"]
[Round "1"]
[White "Segers,H"]
[Black "Wohl,A"]
[Result "0-1"]
[WhiteElo "2034"]
[BlackElo "2375"]
[EventDate "2010.07.09"]

1. e4 c5 2. Nf3 Nf6 3. e5 Nd5 4. Nc3 Nxc3 5. dxc3 Nc6 6. Bc4 e6 7. Qe2 Qc7
8. Bf4 h6 9. O-O-O b6 10. g4 Bb7 11. Ba6 O-O-O 12. Bxb7+ Kxb7 13. Qe4 Kc8
14. Rd3 Qb7 15. Rhd1 Na5 16. Qxb7+ Nxb7 17. c4 f6 18. h4 Na5 19. b3 Nc6 20.
exf6 gxf6 21. g5 e5 0-1

[Event "4th LCT"]
[Site "Leiden NED"]
[Date "2010.07.09"]
[Round "1"]
[White "Kubbenga,M"]
[Black "Wunnink,M"]
[Result "0-1"]
[WhiteElo "2014"]
[BlackElo "2286"]
[EventDate "2010.07.09"]

1. d4 Nf6 2. c4 e6 3. Nc3 Bb4 4. Qc2 d5 5. a3 Bxc3+ 6. Qxc3 Ne4 7. Qc2 c5
8. cxd5 exd5 9. e3 Nc6 10. Nf3 Bf5 11. Qa4 O-O 12. dxc5 Nxc5 13. Qb5 Qd6
14. Nd4 Bd7 15. Nxc6 bxc6 16. Qb4 Rfe8 17. Be2 Rab8 18. Qc3 d4 19. exd4 Nb3
20. Be3 Nxa1 21. b4 a5 22. Qxa1 axb4 23. axb4 Qxb4+ 0-1

[Event "4th LCT"]
[Site "Leiden NED"]
[Date "2010.07.09"]
[Round "1"]
[White "Vistisen,L"]
[Black "Ranucci,M"]
[Result "1-0"]
[WhiteElo "2143"]
[BlackElo "1917"]
[EventDate "2010.07.09"]

1. e4 c5 2. c3 Nc6 3. d4 cxd4 4. cxd4 e6 5. Nf3 d5 6. e5 Nge7 7. Bd3 Qb6 8.
Nc3 Bd7 9. Na4 Qa5+ 10. Nc3 Qb6 11. Be3 Qxb2 12. Nb5 Nb4 13. Nd6+ Kd8 14.
Nxf7+ Ke8 15. Nd6+ Kd8 16. Nxb7+ Kc7 17. Nc5 Ba4 18. Qc1 Nxd3+ 19. Nxd3+
Qxc1+ 20. Rxc1+ Kb6 21. Rb1+ Ka5 22. Bd2+ 1-0

[Event "4th LCT"]
[Site "Leiden NED"]
[Date "2010.07.09"]
[Round "1"]
[White "Sparreboom,W"]
[Black "Erwich,Frank"]
[Result "0-1"]
[WhiteElo "1974"]
[BlackElo "2333"]
[EventDate "2010.07.09"]

1. d4 Nf6 2. c4 e6 3. Nf3 b6 4. g3 Bb7 5. Bg2 Be7 6. O-O O-O 7. Nc3 Ne4 8.
Nxe4 Bxe4 9. d5 Qc8 10. Bf4 Qb7 11. Rc1 d6 12. Re1 e5 13. Bg5 f6 14. Be3 f5
15. Bh3 f4 16. Be6+ Kh8 17. gxf4 Bxf3 18. exf3 Bf6 19. fxe5 Bxe5 20. Bd4
Na6 21. Bxe5 dxe5 22. d6 Nc5 23. Bd5 c6 24. Be4 Ne6 25. Kh1 Rad8 26. b4 Rf6
27. c5 bxc5 28. bxc5 Nf4 29. Qc2 Rh6 30. Bf5 Qf7 31. Bg4 Qf6 32. h3 Nxh3
33. Qf5 Nf4+ 0-1

[Event "4th LCT"]
[Site "Leiden NED"]
[Date "2010.07.10"]
[Round "2"]
[White "Middelveld,M"]
[Black "Van den Doel,E"]
[Result "0-1"]
[WhiteElo "2102"]
[BlackElo "2591"]
[EventDate "2010.07.09"]

1. d4 Nf6 2. c4 g6 3. f3 Bg7 4. e4 d6 5. Nc3 O-O 6. Bg5 c5 7. d5 e6 8. Qd2
exd5 9. cxd5 a6 10. a4 h6 11. Be3 Re8 12. Nge2 Nbd7 13. Ng3 h5 14. Be2 h4
15. Nf1 Nh7 16. g4 Ne5 17. h3 g5 18. Nh2 Ng6 19. Bd3 Be5 20. Ne2 Qf6 21.
Ra2 Bg3+ 22. Kd1 Bd7 23. a5 Ne5 24. Ng1 Bxh2 25. Rxh2 Nxf3 26. Nxf3 Qxf3+
27. Kc1 Bb5 28. Bc2 Qf1+ 29. Qd1 f6 30. Ra3 Re7 31. Bd2 Qxd1+ 32. Kxd1 Be8
33. Re3 Bg6 34. Bc3 Kg7 35. b4 Rc8 36. Rhe2 cxb4 37. Bxb4 Rd8 38. Kd2 Nf8
39. Ba4 Bh7 40. Bc3 Ng6 41. Bc2 Ne5 42. Bxe5 Rxe5 43. Rf2 Rc8 44. Bd3 Ree8
45. Ref3 Rf8 46. Rf1 Rc5 47. Ra1 Re8 48. Re3 Re7 49. Ree1 Kf7 50. Ra4 Rec7
51. Rb1 Bg6 52. Rab4 Rxa5 53. Rxb7 Re7 54. Rxe7+ Kxe7 55. Ke3 Be8 56. Rb7+
Bd7 57. Ra7 Ra3 58. Kd4 Kd8 59. Ra8+ Bc8 60. Ra7 Ra2 61. Rf7 Rf2 62. Rf8+
Kc7 63. Rf7+ Kb6 64. Rf8 Bd7 65. Rd8 Kc7 66. Ra8 Rf3 67. Rxa6 Rxd3+ 0-1

[Event "4th LCT"]
[Site "Leiden NED"]
[Date "2010.07.10"]
[Round "2"]
[White "Blom,V"]
[Black "Lalith,B"]
[Result "0-1"]
[WhiteElo "2089"]
[BlackElo "2502"]
[EventDate "2010.07.09"]

1. Nf3 Nf6 2. g3 d5 3. Bg2 c6 4. O-O Bg4 5. Ne5 Bf5 6. c4 Nbd7 7. Nxd7 Qxd7
8. cxd5 cxd5 9. d3 e6 10. Qb3 Bg4 11. Nc3 Be7 12. Re1 O-O 13. e4 d4 14. Ne2
e5 15. f4 Bd6 16. f5 a5 17. Qd1 Qb5 18. h3 Bxe2 19. Rxe2 Nd7 20. g4 Nc5 21.
Rd2 Be7 22. Bf1 h6 23. h4 Bxh4 24. Rh2 Bg5 25. Bxg5 hxg5 26. f6 gxf6 27.
Qf3 Kg7 28. Rc1 Rh8 29. Rcc2 Ne6 30. Qf5 Qb4 31. Rcf2 Nf4 32. Rxf4 exf4 33.
e5 Qe7 0-1

[Event "4th LCT"]
[Site "Leiden NED"]
[Date "2010.07.10"]
[Round "2"]
[White "Van der Wiel,J"]
[Black "Porat,Ma"]
[Result "1/2-1/2"]
[WhiteElo "2467"]
[BlackElo "2175"]
[EventDate "2010.07.09"]

1. e4 c5 2. Nf3 e6 3. d4 cxd4 4. Nxd4 Nf6 5. Nc3 Nc6 6. Nxc6 bxc6 7. e5 Nd5
8. Ne4 Qc7 9. f4 Qb6 10. Bd3 Ba6 11. Bxa6 Qxa6 12. Qe2 Qxe2+ 13. Kxe2 f5
14. Nf2 Rb8 15. c4 Nb4 16. Bd2 Bc5 17. b3 Bd4 18. Bxb4 Rxb4 19. Nd3 Rb6 20.
Rad1 c5 21. Ne1 g5 22. Nf3 gxf4 23. Nxd4 cxd4 24. Rxd4 Ra6 25. Rhd1 Rxa2+
26. Kf3 Ra3 27. Rxd7 Rxb3+ 28. Kxf4 O-O 29. Rxa7 Rb2 30. Rd3 Rc8 31. Rg3+
Kh8 32. Kg5 f4 33. Rg4 Rg8+ 34. Kxf4 Rxg4+ 35. Kxg4 Rxg2+ 36. Kf4 Rxh2 37.
c5 Rf2+ 38. Kg4 Rg2+ 39. Kh4 Rh2+ 40. Kg4 Rg2+ 41. Kf4 Rf2+ 42. Ke4 Rc2 43.
Kd4 h5 44. Re7 h4 45. Rxe6 Kg7 46. Rf6 h3 47. Rf3 h2 48. Rh3 Kf7 49. Kd5
Rd2+ 50. Kc6 Ke6 51. Rh5 Rc2 52. Kb6 Kd5 53. e6+ Kxe6 54. c6 Rb2+ 55. Kc7
Rc2 56. Kb7 Rb2+ 57. Kc8 Rc2 58. c7 Ke7 59. Rh3 Ke8 60. Re3+ Kf7 61. Rf3+
1/2-1/2

[Event "4th LCT"]
[Site "Leiden NED"]
[Date "2010.07.10"]
[Round "2"]
[White "Haast,A"]
[Black "Scherpenisse,K"]
[Result "1-0"]
[WhiteElo "2240"]
[BlackElo "1976"]
[EventDate "2010.07.09"]

1. e4 Nf6 2. e5 Nd5 3. c4 Nb6 4. d4 d6 5. exd6 cxd6 6. Nc3 g6 7. Nf3 Bg7 8.
Be2 O-O 9. O-O Nc6 10. h3 e5 11. dxe5 dxe5 12. c5 Nd7 13. Be3 h6 14. Bc4
Kh7 15. Ne4 f5 16. Neg5+ hxg5 17. Nxg5+ Kh8 18. f4 Bf6 19. Ne6 Qe7 20. g4
Nd4 21. Bxd4 exd4 22. Qe1 Nxc5 23. Nxf8 Qxf8 24. g5 Bxg5 25. fxg5 Kg7 26.
Qe5+ Kh7 27. Rf4 1-0

[Event "4th LCT"]
[Site "Leiden NED"]
[Date "2010.07.10"]
[Round "2"]
[White "Van Halderen,H"]
[Black "Michielsen,J"]
[Result "0-1"]
[WhiteElo "2071"]
[BlackElo "2397"]
[EventDate "2010.07.09"]

1. c4 e5 2. Nc3 Bb4 3. e3 Bxc3 4. bxc3 d6 5. d4 Nd7 6. e4 Ngf6 7. Bd3 O-O
8. Nf3 Re8 9. O-O exd4 10. Bg5 dxc3 11. Qc2 h6 12. Bh4 Nc5 13. e5 dxe5 14.
Bh7+ Kh8 15. Rad1 Qe7 16. Rd5 e4 17. Re5 Qf8 18. Bxf6 gxf6 19. Rxe4 Nxe4
20. Bxe4 Qb4 21. Qd3 Qd6 22. Qc2 c6 23. Rd1 Qf4 24. Rd4 c5 25. g3 Qg4 26.
h3 Qe6 27. Bd5 Qf5 28. Be4 Rxe4 29. Rxe4 Qxf3 30. Rf4 Qc6 31. Qxc3 Kg7 32.
g4 b6 33. h4 Bb7 34. f3 Qd6 35. Qc1 Rd8 0-1

[Event "4th LCT"]
[Site "Leiden NED"]
[Date "2010.07.10"]
[Round "2"]
[White "Koes,R"]
[Black "Van der Marel,B"]
[Result "1-0"]
[WhiteElo "1947"]
[BlackElo "2226"]
[EventDate "2010.07.09"]

1. Nc3 d5 2. e4 d4 3. Nce2 e5 4. Ng3 Be6 5. Nf3 Nc6 6. Be2 f6 7. O-O Nge7
8. d3 Ng6 9. Nf5 Qd7 10. N3h4 Nf4 11. Bxf4 exf4 12. c3 g6 13. cxd4 Nxd4 14.
Nxd4 Qxd4 15. Nf3 Qd7 16. d4 Bg7 17. d5 Bf7 18. Qd2 g5 19. Nd4 O-O 20. Nf5
Bg6 21. Bg4 Kh8 22. Qe2 Rfe8 23. Qf3 Qf7 24. Nxg7 Bxe4 25. Be6 Qg6 26. Nxe8
Bxf3 27. Nxc7 Bxd5 28. Bxd5 Rd8 29. Rad1 Qf5 30. Be6 1-0

[Event "4th LCT"]
[Site "Leiden NED"]
[Date "2010.07.10"]
[Round "2"]
[White "Bakker,Jo"]
[Black "Rijnaarts,S"]
[Result "0-1"]
[WhiteElo "2019"]
[BlackElo "2264"]
[EventDate "2010.07.09"]

1. f4 g6 2. Nf3 Bg7 3. e3 d5 4. Be2 c5 5. O-O Nc6 6. d3 Nf6 7. Ne5 O-O 8.
Nxc6 bxc6 9. c4 Re8 10. Bf3 e5 11. Nc3 exf4 12. exf4 Rb8 13. Qa4 Qd6 14.
cxd5 cxd5 15. Nxd5 Bf5 16. Nxf6+ Bxf6 17. Rd1 Bxd3 18. Qa3 Qd4+ 19. Kh1 Bc2
20. Rg1 Qf2 21. f5 Re1 22. Be3 Rxe3 23. Raf1 Qxg1+ 24. Rxg1 Rxa3 0-1

[Event "4th LCT"]
[Site "Leiden NED"]
[Date "2010.07.11"]
[Round "3"]
[White "Van den Doel,E"]
[Black "Erwich,Frank"]
[Result "1-0"]
[WhiteElo "2591"]
[BlackElo "2333"]
[EventDate "2010.07.09"]

1. e4 e5 2. Nf3 Nc6 3. Bb5 Nge7 4. Nc3 a6 5. Bc4 Ng6 6. d4 Be7 7. d5 Na5 8.
Bf1 b5 9. g3 b4 10. Nb1 d6 11. h4 Bg4 12. Be2 Nb7 13. a3 bxa3 14. Rxa3 O-O
15. Nc3 a5 16. Be3 Qc8 17. h5 Bxf3 18. Bxf3 Nh8 19. Bg2 h6 20. Bh3 Qd8 21.
Qg4 Bg5 22. Bxg5 Qxg5 23. Qxg5 hxg5 24. Ke2 g6 25. Na4 f5 26. hxg6 g4 27.
Bf1 Nxg6 28. Rc3 Rac8 29. Ke1 fxe4 30. Ba6 Rb8 31. Rxc7 Nd8 32. Be2 Rf7 33.
Rc4 Rb4 34. Rxb4 axb4 35. Bxg4 Ra7 36. b3 Ne7 37. Be2 Nf7 38. Bc4 Ng5 39.
Rh6 Nf3+ 40. Kd1 Nf5 41. Rh5 N5d4 42. Kc1 Rf7 43. c3 bxc3 44. Nxc3 Rc7 45.
Rh6 Nxb3+ 46. Bxb3 Rxc3+ 47. Kb2 Rd3 48. Bc2 Rd2 49. Kc3 Rxf2 50. Bxe4 Nd4
51. Kc4 Re2 52. Bd3 Rg2 53. Rxd6 Rxg3 54. Rh6 Kg7 55. Rh7+ Kf6 56. d6 Ke6
57. d7 Nc6 58. Be2 Kd6 59. Bd1 Rg8 60. Ba4 Rg4+ 61. Kb3 Nd4+ 62. Ka3 Ne6
63. d8=Q Nxd8 64. Rd7+ Kc5 65. Rxd8 e4 66. Bb3 e3 67. Rd5+ Kc6 68. Re5 Rg3
69. Kb4 Kd6 70. Re6+ Kd7 71. Bc4 Rf3 72. Kc5 Rg3 73. Re5 e2 74. Bxe2 Rg7
75. Bb5+ Kc7 76. Bc6 Rh7 77. Re1 Rh5+ 78. Bd5 Rh6 79. Re7+ Kd8 80. Ra7 Rg6
81. Bc6 Rg5+ 82. Kb6 Rg1 83. Rd7+ Kc8 84. Re7 1-0

[Event "4th LCT"]
[Site "Leiden NED"]
[Date "2010.07.11"]
[Round "3"]
[White "Lalith,B"]
[Black "Bezemer,A"]
[Result "1/2-1/2"]
[WhiteElo "2502"]
[BlackElo "2322"]
[EventDate "2010.07.09"]

1. Nf3 Nf6 2. c4 g6 3. Nc3 d5 4. cxd5 Nxd5 5. Qa4+ Nc6 6. Ne5 Qd6 7. Nxc6
Qxc6 8. Qxc6+ bxc6 9. g3 Be6 10. Bg2 O-O-O 11. d3 Nxc3 12. bxc3 Bg7 13. Bd2
Kd7 14. Kd1 Rb8 15. Kc2 a5 16. Rhb1 a4 17. Rb2 Rb5 18. Rxb5 cxb5 19. Rb1 c6
20. c4 Rc8 21. Bc3 Bxc3 22. Kxc3 Kd6 23. e3 bxc4 24. d4 f5 25. Rb6 Bd5 26.
Bf1 e5 27. Bxc4 Re8 28. Bxd5 Kxd5 29. dxe5 Rxe5 30. Rb4 Re4 31. a3 h5 32.
Rb8 h4 33. Rd8+ Kc5 34. Kd3 hxg3 35. hxg3 Rg4 36. Rh8 Re4 37. Rh4 Kd5 38.
f3 Rxh4 39. gxh4 c5 40. Kd2 Ke5 41. Kc3 Kd5 42. Kd3 Kd6 43. Kc4 Kc6 44. Kd3
Kd6 45. Kd2 Ke5 46. Kc2 Ke6 47. Kb2 Ke5 48. Kc3 Kd5 49. Kd3 1/2-1/2

[Event "4th LCT"]
[Site "Leiden NED"]
[Date "2010.07.11"]
[Round "3"]
[White "Tiviakov,S"]
[Black "Wohl,A"]
[Result "1/2-1/2"]
[WhiteElo "2623"]
[BlackElo "2375"]
[EventDate "2010.07.09"]

1. e4 Nf6 2. e5 Nd5 3. d4 d6 4. Nf3 dxe5 5. Nxe5 c6 6. Nd2 Bf5 7. Qf3 Be6
8. c3 Nd7 9. Ndc4 g6 10. Bd3 Bg7 11. O-O O-O 12. Re1 c5 13. Nxd7 Qxd7 14.
dxc5 Rac8 15. Nd2 Rxc5 16. Nb3 Rcc8 17. Bg5 h6 18. Bd2 Bg4 19. Qg3 Rfe8 20.
Nd4 Nb4 21. Bb5 Nc6 22. Be3 a6 23. Bxc6 bxc6 24. h3 Bh5 25. Nb3 e5 26. f3
f5 27. Qf2 g5 28. Nc5 Qf7 29. Nxa6 f4 30. Bc5 Bg6 31. Nb4 h5 32. Re2 g4 33.
hxg4 hxg4 34. fxg4 Qe6 35. Rae1 Qxg4 36. Qf3 Qg5 37. Re4 Re6 38. Nd3 Rd8
39. b4 Bxe4 40. Qxe4 Rg6 41. Nxf4 exf4 42. Be7 Qg3 43. Bxd8 f3 44. Qc4+ Kh7
45. Qh4+ Qxh4 46. Bxh4 Rxg2+ 47. Kf1 Bxc3 48. Re3 1/2-1/2

[Event "4th LCT"]
[Site "Leiden NED"]
[Date "2010.07.11"]
[Round "3"]
[White "Wiersma,E"]
[Black "Pijpers,A"]
[Result "1/2-1/2"]
[WhiteElo "2405"]
[BlackElo "2248"]
[EventDate "2010.07.09"]

1. d4 d5 2. c4 c6 3. Nf3 Nf6 4. Nc3 dxc4 5. a4 Bf5 6. Ne5 Nbd7 7. Nxc4 Qc7
8. g3 e5 9. dxe5 Nxe5 10. Bf4 Nfd7 11. Bg2 f6 12. O-O O-O-O 13. Rc1 Nc5 14.
Qe1 a5 15. Nd1 Nb3 16. Nde3 Bb4 17. Rc3 Be6 18. Qb1 Bxc3 19. bxc3 Nc5 20.
Qb2 Bxc4 21. Bxe5 Qxe5 22. Nxc4 Qc7 23. Qa3 Ne6 24. Rb1 Rhe8 25. Qb3 Re7
26. Bh3 Kb8 27. Bxe6 Rxe6 28. Nxa5 Rxe2 29. Nxb7 Rdd2 30. Nd6+ Ka7 31. Nc8+
Ka8 32. Nb6+ Ka7 33. Qb4 Rb2 34. Rxb2 Rxb2 35. Qxb2 Qxb6 36. Qb4 c5 37. Qc4
Qb1+ 38. Kg2 Qb7+ 39. Kh3 Qd7+ 40. g4 Qc6 41. Kg3 g5 42. Qf7+ Kb6 43. Qe7
h6 44. f4 gxf4+ 45. Kxf4 Qxa4+ 46. Kg3 1/2-1/2

[Event "4th LCT"]
[Site "Leiden NED"]
[Date "2010.07.11"]
[Round "3"]
[White "Kerkvliet,M"]
[Black "Bakker,G"]
[Result "0-1"]
[WhiteElo "1999"]
[BlackElo "2122"]
[EventDate "2010.07.09"]

1. d4 Nf6 2. c4 e6 3. Nf3 Bb4+ 4. Bd2 a5 5. Qc2 d5 6. e3 O-O 7. Bd3 Nc6 8.
Nc3 Re8 9. a3 Bf8 10. cxd5 exd5 11. Bb5 Bd7 12. O-O Bd6 13. h3 Qc8 14. h4
Bh3 15. Nh2 Ng4 16. Nf3 Nh6 17. Ne1 Qg4 18. f4 Nf5 19. Nd1 Ncxd4 20. exd4
Nxd4 21. Qd3 Rxe1 22. Qxh3 Rxf1+ 23. Bxf1 Qxh3 24. gxh3 Nf3+ 25. Kf2 Nxd2
26. Bg2 c6 27. Ke3 Nb3 28. Rb1 Re8+ 29. Kf2 Bxf4 30. Nc3 Nd2 31. Rd1 Nc4
32. Rb1 Be3+ 0-1

[Event "4th LCT"]
[Site "Leiden NED"]
[Date "2010.07.11"]
[Round "3"]
[White "Michielsen,J"]
[Black "Haast,A"]
[Result "0-1"]
[WhiteElo "2397"]
[BlackElo "2240"]
[EventDate "2010.07.09"]

1. e4 e5 2. Nf3 Nc6 3. Bb5 a6 4. Ba4 Nf6 5. O-O Be7 6. Re1 d6 7. c3 Bg4 8.
h3 Bh5 9. Bxc6+ bxc6 10. d4 exd4 11. cxd4 O-O 12. Nbd2 Nd7 13. b3 c5 14.
Qc2 Re8 15. Bb2 Bg6 16. dxc5 Nxc5 17. Nd4 Qd7 18. Rac1 Bg5 19. N4f3 Bh6 20.
b4 Nxe4 21. Nxe4 Bxc1 22. Bxc1 Rxe4 23. Rxe4 d5 24. Bb2 Bxe4 25. Nd4 Bxc2
0-1

[Event "4th LCT"]
[Site "Leiden NED"]
[Date "2010.07.11"]
[Round "3"]
[White "Timmermans,I"]
[Black "Slingerland,F"]
[Result "0-1"]
[WhiteElo "2241"]
[BlackElo "2397"]
[EventDate "2010.07.09"]

1. e4 c5 2. Nf3 Nc6 3. d4 cxd4 4. Nxd4 Nf6 5. Nc3 d6 6. Bg5 e6 7. Qd2 a6 8.
O-O-O Bd7 9. f4 b5 10. Nf3 b4 11. Bxf6 gxf6 12. Ne2 h5 13. Kb1 Qb6 14. g3
a5 15. Ned4 Nxd4 16. Qxd4 Qxd4 17. Nxd4 Rb8 18. Bc4 Ke7 19. Nf3 Bg7 20.
Rhe1 Rbc8 21. b3 Rc5 22. Re2 Rd8 23. Ne1 Bb5 24. Bxb5 Rxb5 25. Nf3 f5 26.
Nd4 Bxd4 27. Rxd4 fxe4 28. Rdxe4 Rg8 29. c4 bxc3 30. Rc4 h4 31. Rxc3 Kf6
32. Rd2 d5 33. Kc2 Kf5 34. Kd1 hxg3 35. hxg3 Rh8 36. Re2 Rh1+ 37. Kd2 Rb4
38. Re5+ Kf6 39. a3 Rd4+ 40. Ke3 Rdd1 41. Kf3 Rhf1+ 42. Kg4 Rc1 43. Rxc1
Rxc1 44. Kf3 Ra1 45. a4 Rc1 46. Re3 Ke7 47. Ke2 Kd6 48. Kd2 Rg1 49. Ke2 f6
50. Kf2 Rc1 51. g4 Rc2+ 52. Re2 Rc8 53. Kf3 Rb8 54. Re3 d4 55. Rd3 Kd5 56.
g5 fxg5 57. fxg5 e5 0-1

[Event "4th LCT"]
[Site "Leiden NED"]
[Date "2010.07.11"]
[Round "3"]
[White "Kirana,M"]
[Black "Van der Wiel,J"]
[Result "1/2-1/2"]
[WhiteElo "2068"]
[BlackElo "2467"]
[EventDate "2010.07.09"]

1. Nf3 c5 2. c4 g6 3. g3 Bg7 4. Bg2 Nc6 5. Nc3 d6 6. d3 e5 7. O-O Nge7 8.
Bd2 h6 9. Qc1 Be6 10. Ne1 Rc8 11. a3 Nd4 12. Qd1 d5 13. Qa4+ Ndc6 14. b4
dxc4 15. bxc5 O-O 16. Rb1 Nd4 17. Rxb7 Rxc5 18. Kh1 Ra5 19. Qb4 Nec6 20.
Qb2 Bc8 21. Rb4 1/2-1/2

[Event "4th LCT"]
[Site "Leiden NED"]
[Date "2010.07.12"]
[Round "4"]
[White "Haast,A"]
[Black "Van den Doel,E"]
[Result "0-1"]
[WhiteElo "2240"]
[BlackElo "2591"]
[EventDate "2010.07.09"]

1. e4 e5 2. Nf3 Nc6 3. Bb5 a6 4. Ba4 Nf6 5. O-O Be7 6. Re1 b5 7. Bb3 d6 8.
c3 O-O 9. h3 h6 10. d4 Re8 11. a4 Bd7 12. Na3 Bf8 13. dxe5 dxe5 14. Be3 Na5
15. Bc2 c5 16. Qe2 c4 17. Nh2 bxa4 18. Nxc4 Nxc4 19. Qxc4 a3 20. b4 Be6 21.
Qe2 a2 22. Ba4 Nxe4 23. Bxe8 Qxe8 24. Bxh6 Nxc3 25. Qxe5 Nd5 26. Rxa2 gxh6
27. Ra3 Bg7 28. Rg3 Qf8 29. Nf3 Kh8 30. Qh5 Nf4 31. Qh4 Qxb4 32. Re5 a5 33.
Kh2 Ng6 34. Qxb4 axb4 35. Rb5 b3 36. Nd2 Be5 37. Nxb3 Bxg3+ 38. fxg3 Bc4
39. Rb4 Bd5 40. Rb5 Ne7 0-1

[Event "4th LCT"]
[Site "Leiden NED"]
[Date "2010.07.12"]
[Round "4"]
[White "Porat,Ma"]
[Black "Lalith,B"]
[Result "1/2-1/2"]
[WhiteElo "2175"]
[BlackElo "2502"]
[EventDate "2010.07.09"]

1. d4 d5 2. c4 Nc6 3. Nf3 Bg4 4. cxd5 Bxf3 5. gxf3 Qxd5 6. e3 e6 7. Nc3 Qh5
8. f4 Qxd1+ 9. Kxd1 O-O-O 10. Bg2 Nge7 11. Ke2 h6 12. Bd2 g5 13. fxg5 hxg5
14. Ne4 Rg8 15. b4 Nd5 16. b5 Nb8 17. a4 f5 18. Nc3 Nf6 19. a5 Bb4 20. Ne4
Nxe4 21. Bxb4 Rd5 22. b6 a6 23. f3 Nd6 24. Bc5 Nc6 25. Rhd1 Nb5 26. Kf2 Rd7
27. Bf1 Nc3 28. Rdc1 Nd5 29. bxc7 Kxc7 30. Rab1 Rh8 31. h3 f4 32. e4 Ne3
33. Bb6+ Kb8 34. d5 exd5 35. Rxc6 Nxf1 36. Kxf1 dxe4 37. fxe4 bxc6 38. Bd4+
Kc8 39. Bxh8 Rh7 40. Be5 Rxh3 41. Rb6 g4 42. Rxc6+ Kd7 43. Rxa6 Rf3+ 44.
Kg2 Rg3+ 45. Kf2 Rf3+ 46. Ke2 Re3+ 47. Kd2 Rxe4 48. Bb8 Ra4 49. Rf6 g3 50.
Bxf4 g2 51. Bh2 Rh4 52. Bg1 Rh1 53. Be3 1/2-1/2

[Event "4th LCT"]
[Site "Leiden NED"]
[Date "2010.07.12"]
[Round "4"]
[White "Pijpers,A"]
[Black "Tiviakov,S"]
[Result "0-1"]
[WhiteElo "2248"]
[BlackElo "2623"]
[EventDate "2010.07.09"]

1. e4 d5 2. exd5 Qxd5 3. Nc3 Qa5 4. d4 Nf6 5. Bc4 c6 6. Bd2 Qb6 7. Bc1 Bf5
8. Nf3 e6 9. O-O Be7 10. Bb3 Nbd7 11. Bf4 O-O 12. Qe2 Bg4 13. Rad1 Rfe8 14.
h3 Bh5 15. Ne4 Nxe4 16. Qxe4 a5 17. a4 Rad8 18. Qe3 Nf6 19. Be5 Nd5 20. Qe4
Bf6 21. Rd2 Qb4 22. g4 Bg6 23. Qe2 Bxe5 24. Nxe5 c5 25. Rfd1 cxd4 26. Qc4
Rc8 27. Qxb4 Nxb4 28. Nxg6 hxg6 29. Rxd4 Na6 30. c3 g5 31. Kg2 Nc5 32. Bc2
Kf8 33. Kf3 Ke7 34. Ke3 Rc7 35. f4 gxf4+ 36. Kxf4 Rh8 37. Rh1 Nd7 38. Kg3
Ne5 39. Be4 g5 40. h4 gxh4+ 41. Rxh4 Rxh4 42. Kxh4 Nc4 43. b3 Nd6 44. c4
Rd7 45. Kh3 Nxe4 46. Rxe4 Rd3+ 47. Kh4 Rxb3 48. Re5 b6 49. c5 bxc5 50. Rxc5
Rb4 51. Rxa5 f5 52. Kg3 Rxg4+ 53. Kf3 Kf6 54. Ra6 Re4 55. Kg3 Re3+ 56. Kf2
f4 57. Ra5 Ra3 58. Ra6 Kf5 59. a5 e5 60. Ra8 Ra2+ 61. Kf1 Ke4 62. a6 Kf3
63. Kg1 e4 0-1